00233nam a2200097Ia 4500008004100000041000800041082001000049100002000059245003000079260002600109231212s1979 xx 000 0 und d aeng a604.2 aBoltyansky V.G. aDifferentiation Explained aMascowbMir Pubc1979